000 00607nam a2200241 i 4500
001 C2-0238795
003 PPAK
005 20180727201814.0
008 020428s1992 nyu |||| ||||| | eng d
020 _a0553294903
040 _aPPAK
_beng
_cPPAK
_erda
082 0 4 _a823
_223
090 0 0 _a823
_bROB
_dG
100 1 _aRoberts, Nora,
_eauthor
245 1 0 _aDivine evil
264 1 _aNew York :
_bBantam Books ,
_c1992
300 _a501 pages ;
_c18 cm
336 _2rdacontent
_atext
337 _2rdamedia
_aunmediated
338 _2rdacarrier
_avolume
650 1 0 _aEnglish fiction
942 _ddc
_cB
999 _c54114
_d54114